00210nam a22000977a 4500003000400000082001700004100002300021245003400044260002600078300000800104SGT a616.89bE02S aSTAHL, STEPHEN M.  aESSENTIAL PSYCHOPHARMACOLOGY  aUK bCOMBRIDGE c2002 a142